LIBRARY & INFORMATION CENTRE, KCAET, TAVANUR

ONLINE PUBLIC ACCESS CATALOGUE (OPAC)

Effect of landslope on uniformity of water distribution of sprinklers (Record no. 15255)

MARC details
000 -LEADER
fixed length control field 00592nam a22001697a 4500
003 - CONTROL NUMBER IDENTIFIER
control field OSt
088 ## - REPORT NUMBER
Report number T 54
100 ## - MAIN ENTRY--AUTHOR NAME
Personal name JIGIMON T
245 ## - TITLE STATEMENT
Title Effect of landslope on uniformity of water distribution of sprinklers
260 ## - PUBLICATION, DISTRIBUTION, ETC. (IMPRINT)
Place of publication Tavanur 1996
Name of publisher Kelappaji College of Agricultural Engineering and Technology
300 ## - PHYSICAL DESCRIPTION
Number of Pages 125
500 ## - GENERAL NOTE
General note Effect of landslope on uniformity of water distribution of sprinklers
520 ## - SUMMARY, ETC.
Summary, etc Effect of landslope on uniformity of water distribution of sprinklers
700 ## - ADDED ENTRY--PERSONAL NAME
Personal name Dr. Jobi V. Paul (Guide)
942 ## - ADDED ENTRY ELEMENTS (KOHA)
Koha item type Theses
Holdings
Collection code Home library Current library Shelving location Full call number Accession Number Koha item type Public note
Reference KAUAET KAUAET Reference 631.75807 JIG/EF T 54 Theses M.Tech Thesis
free website counter